[Event "XIII Festival A"]
[Site "Cesenatico ITA"]
[Date "2008.09.03"]
[Round "5"]
[White "Barletta, Mauro"]
[Black "Ortega, Lexy"]
[WhiteElo "2205"]
[BlackElo "2456"]
[Result "1-0"]
[PlyCount "69"]
[EventDate "2008.08.30"]

1. e4 c5 2. Nf3 e6 3. d3 Nc6 4. g3 d5 5. Qe2 Nf6 6. Bg2 Be7 7. O-O O-O 8. e5
Nd7 9. c4 d4 10. h4 Rb8 11. Bf4 Re8 12. Nbd2 Nf8 13. h5 Bd7 14. Ne4 b5 15. b3
bxc4 16. bxc4 Rb6 17. Nh2 Qc7 18. Ng4 Reb8 19. h6 g6 20. Nef6+ Kh8 21. Nd5 exd5
22. e6 Bd6 23. Bxd6 Qxd6 24. exd7 Nxd7 25. cxd5 Nb4 26. Rae1 f5 27. a3 Nxd3 28.
Qxd3 fxg4 29. Re6 Qf8 30. Qd2 Rb1 31. Rxb1 Rxb1+ 32. Kh2 Rb6 33. Qg5 Nf6 34. d6
Rxd6 35. Qxf6+ 1-0

[Event "XIII Festival A"]
[Site "Cesenatico ITA"]
[Date "2008.09.03"]
[Round "5"]
[White "Caprio, Guido"]
[Black "Haertl, Siegfried"]
[WhiteElo "2188"]
[BlackElo "1993"]
[Result "1-0"]
[PlyCount "47"]
[EventDate "2008.08.30"]

1. e4 c6 2. d4 d5 3. e5 c5 4. dxc5 e6 5. Nf3 Bxc5 6. Bd3 Nc6 7. O-O Nb4 8. Be2
Qc7 9. a3 Nxc2 10. Bb5+ Kf8 11. Qxc2 a6 12. Bd3 Bd7 13. b4 Bb6 14. Qe2 Ne7 15.
Be3 Ng6 16. Bxg6 hxg6 17. Bxb6 Qxb6 18. Nc3 Rc8 19. Rac1 Rc4 20. Qe3 Qxe3 21.
fxe3 Rh5 22. Ne2 b5 23. Nf4 Rh6 24. Nd2 1-0

[Event "XIII Festival A"]
[Site "Cesenatico ITA"]
[Date "2008.09.03"]
[Round "5"]
[White "De Santis, Alessio"]
[Black "Klocker, Daniel"]
[WhiteElo "2295"]
[BlackElo "2075"]
[Result "1/2-1/2"]
[PlyCount "156"]
[EventDate "2008.08.30"]

1. f4 d5 2. Nf3 c5 3. g3 Nc6 4. Bg2 Nf6 5. d3 Bf5 6. O-O e6 7. c3 b5 8. Qe1 c4
9. Nh4 Bc5+ 10. Kh1 O-O 11. e4 Bg6 12. Nxg6 hxg6 13. e5 Nd7 14. d4 Be7 15. Nd2
Nb6 16. Nf3 b4 17. g4 bxc3 18. bxc3 Na4 19. Ng5 Qa5 20. Rf3 Bxg5 21. fxg5 Rfb8
22. Qh4 Qxc3 23. Rxc3 Nxc3 24. Qf2 Nb4 25. Qd2 Nbxa2 26. Rxa2 Nxa2 27. Qxa2 Rb3
28. h4 Rab8 29. Qxa7 Rb1 30. Kh2 R8b3 31. h5 Rb7 32. Qa4 Kh7 33. Qa3 Rb8 34.
Qe7 R1b7 35. Qd6 Rb6 36. Qc7 R6b7 37. Qc5 Rb5 38. Qd6 R5b6 39. Qe7 R6b7 40. Qa3
Rb3 41. Qa2 Rb1 42. Qd2 R1b3 43. Qf2 R3b7 44. Ba3 Rb3 45. Bc1 Rb1 46. Qc2 R1b3
47. Qa2 R3b7 48. Qa4 Rb4 49. Qd7 R4b7 50. hxg6+ Kxg6 51. Qa4 Rb3 52. Qa2 Kh7
53. Qf2 Kg8 54. Qc2 g6 55. Qa2 R8b7 56. Qa5 R7b5 57. Qd8+ Kg7 58. Qf6+ Kg8 59.
Qe7 Rb7 60. Qd8+ Kg7 61. Qf6+ Kg8 62. Bxd5 exd5 63. e6 Rc3 64. e7 Rc2+ 65. Kg3
Rb3+ 66. Kf4 Rf2+ 67. Ke5 Re2+ 68. Kxd5 c3 69. Bf4 c2 70. Be5 Rb5+ 71. Kd6 Rb6+
72. Kd7 Rb7+ 73. Kd8 Rxe5 74. dxe5 Rb8+ 75. Kd7 c1=Q 76. e8=Q+ Rxe8 77. Kxe8
Qc8+ 78. Ke7 Qc7+ 1/2-1/2

[Event "XIII Festival A"]
[Site "Cesenatico ITA"]
[Date "2008.09.03"]
[Round "5"]
[White "Dittmar, Peter"]
[Black "Brigati, Alessandro"]
[WhiteElo "2354"]
[BlackElo "2102"]
[Result "1-0"]
[PlyCount "49"]
[EventDate "2008.08.30"]

1. e4 d6 2. d4 Nf6 3. Nc3 g6 4. Nf3 Bg7 5. Be2 O-O 6. O-O c6 7. a4 Bg4 8. a5
Nbd7 9. Be3 Qc7 10. Qd2 b5 11. axb6 axb6 12. d5 Nc5 13. dxc6 Rxa1 14. Rxa1
Nfxe4 15. Nd5 Qxc6 16. Nxe7+ Kh8 17. Nxc6 Nxd2 18. Bxd2 Bxb2 19. Rb1 Bg7 20. h3
Bd7 21. Ncd4 Ne4 22. Be3 Nc3 23. Rxb6 Nxe2+ 24. Nxe2 d5 25. Bd4 1-0

[Event "XIII Festival A"]
[Site "Cesenatico ITA"]
[Date "2008.09.03"]
[Round "5"]
[White "Klocker, Benedikt"]
[Black "Vincenzi, Andrea"]
[WhiteElo "2119"]
[BlackElo "1976"]
[Result "1-0"]
[PlyCount "39"]
[EventDate "2008.08.30"]

1. e4 e5 2. Nf3 Nc6 3. d4 exd4 4. Nxd4 Bc5 5. Be3 Bb6 6. Nc3 d6 7. Bc4 Nf6 8.
h3 Ne5 9. Bb3 O-O 10. O-O c6 11. f4 Ng6 12. Qf3 Bxd4 13. Bxd4 Be6 14. f5 Bxb3
15. axb3 Ne5 16. Qf4 Qc7 17. g4 g6 18. Qh6 c5 19. g5 Nfg4 20. hxg4 1-0

[Event "XIII Festival A"]
[Site "Cesenatico ITA"]
[Date "2008.09.03"]
[Round "5"]
[White "Lain, Luigi"]
[Black "Green, Andrew D."]
[WhiteElo "2252"]
[BlackElo "2038"]
[Result "0-1"]
[PlyCount "46"]
[EventDate "2008.08.30"]

1. d4 Nf6 2. c4 g6 3. Nc3 Bg7 4. e4 d6 5. g3 c6 6. Be3 a6 7. Qd2 b5 8. O-O-O
Qa5 9. Kb1 Nbd7 10. g4 Nb6 11. e5 dxe5 12. dxe5 Nfd7 13. f4 Nxc4 14. Bxc4 bxc4
15. Nf3 O-O 16. h4 Nb6 17. Qg2 Be6 18. h5 Nd5 19. Nxd5 Bxd5 20. hxg6 fxg6 21.
Rh3 c3 22. b3 Be4+ 23. Kc1 c2 0-1

[Event "XIII Festival A"]
[Site "Cesenatico ITA"]
[Date "2008.09.03"]
[Round "5"]
[White "Mrdja, Milan"]
[Black "Lagrotteria, Salvatore"]
[WhiteElo "2409"]
[BlackElo "2196"]
[Result "1-0"]
[PlyCount "67"]
[EventDate "2008.08.30"]

1. e4 c6 2. d4 d5 3. e5 Bf5 4. Nf3 e6 5. Be2 c5 6. O-O Nd7 7. b3 a6 8. Bb2 Ne7
9. Nbd2 Nc6 10. c4 Nxd4 11. Nxd4 cxd4 12. cxd5 Nxe5 13. dxe6 Bxe6 14. Nf3 Nc6
15. Nxd4 Nxd4 16. Bxd4 Bd6 17. Bxg7 Rg8 18. Qd4 Qc7 19. g3 Rd8 20. Rad1 Rd7 21.
Qc3 Qb6 22. Bf3 Rc7 23. Qb2 Bb4 24. Bd4 Qa5 25. Bf6 Be7 26. Bxe7 Rxe7 27. Rfe1
Qf5 28. Be4 Qh5 29. Qd2 f6 30. Bxb7 Rg5 31. Bxa6 Rd5 32. Qc1 Rxd1 33. Qxd1 Qa5
34. Qe2 1-0

[Event "XIII Festival A"]
[Site "Cesenatico ITA"]
[Date "2008.09.03"]
[Round "5"]
[White "Okhotnik, Vladimir"]
[Black "Kanina, Adriatik"]
[WhiteElo "2468"]
[BlackElo "2128"]
[Result "1-0"]
[PlyCount "64"]
[EventDate "2008.08.30"]

1. e4 c5 2. Nf3 g6 3. c3 Bg7 4. d4 cxd4 5. cxd4 d5 6. e5 Bg4 7. Nc3 Nc6 8. Bb5
f6 9. exf6 exf6 10. h3 Be6 11. O-O Nge7 12. Re1 Bf7 13. Bxc6+ bxc6 14. Qe2 Kf8
15. b3 Nf5 16. g4 Nd6 17. Ba3 Kg8 18. Qe7 Bf8 19. Qxd8 Rxd8 20. Rac1 Be8 21. g5
Kf7 22. gxf6 Kxf6 23. Ne5 Nf5 24. Bb2 Rg8 25. Na4 Rc8 26. Nc5 g5 27. Ng4+ Kg7
28. Re5 h5 29. Rxf5 hxg4 30. Ne6+ Kg6 31. Rxf8 Rxf8 32. Nxf8+ Kf7 1-0

[Event "XIII Festival A"]
[Site "Cesenatico ITA"]
[Date "2008.09.03"]
[Round "5"]
[White "Ronzano, Luca"]
[Black "Mauro, Alan"]
[WhiteElo "2000"]
[BlackElo "2187"]
[Result "1/2-1/2"]
[PlyCount "88"]
[EventDate "2008.08.30"]

1. d4 g6 2. e4 Bg7 3. c3 d6 4. f4 Nf6 5. Bd3 O-O 6. Nf3 Bg4 7. O-O c5 8. h3
Bxf3 9. Qxf3 cxd4 10. e5 dxe5 11. fxe5 Nd5 12. Be4 Nc6 13. Bxd5 Nxe5 14. Qe4 e6
15. Bb3 Nc6 16. Kh1 dxc3 17. Nxc3 Nd4 18. Be3 Nf5 19. Bf4 b6 20. Rad1 Qh4 21.
Qf3 g5 22. g4 Nd4 23. Qg3 Qh6 24. Be3 Nxb3 25. axb3 Rac8 26. Rd7 b5 27. b4 Rc4
28. Bc5 Rf4 29. Rfd1 Qf6 30. Bxf8 Bxf8 31. R7d3 a6 32. Kg2 Rxb4 33. R1d2 Bc5
34. Nd1 Bd4 35. Qf3 Qe5 36. Qe2 Qd5+ 37. Qf3 Qe5 38. Re2 Qc5 39. Qa8+ Kg7 40.
Qf3 Qc1 41. Qe4 Qc5 42. Qf3 Qc1 43. Qf1 Qc6+ 44. Qf3 Qc1 1/2-1/2

[Event "XIII Festival A"]
[Site "Cesenatico ITA"]
[Date "2008.09.03"]
[Round "5"]
[White "Rotstein, Arkadij"]
[Black "Drei, Andrea"]
[WhiteElo "2500"]
[BlackElo "2281"]
[Result "0-1"]
[PlyCount "74"]
[EventDate "2008.08.30"]

1. Nf3 Nf6 2. c4 e6 3. g3 b6 4. Bg2 Bb7 5. O-O c5 6. Nc3 Be7 7. Re1 d5 8. cxd5
Nxd5 9. e4 Nb4 10. d4 cxd4 11. Nxd4 O-O 12. a3 N8c6 13. Nxe6 fxe6 14. axb4 Nxb4
15. Qb3 Bc5 16. Be3 Qe7 17. Bxc5 bxc5 18. Red1 Kh8 19. Rd2 Nc6 20. e5 Rab8 21.
Qd1 Rfd8 22. f4 a6 23. Bxc6 Bxc6 24. Rxa6 Rxd2 25. Qxd2 Qb7 26. Ra2 Qb6 27. h4
Rd8 28. Ra6 Qb8 29. Qf2 Qb7 30. Ra1 Qb4 31. Re1 h6 32. Kh2 Rd3 33. Qe2 Qd4 34.
Rd1 Rxd1 35. Nxd1 Qd5 36. Kh3 Qh1+ 37. Kg4 Bf3+ 0-1

[Event "XIII Festival A"]
[Site "Cesenatico ITA"]
[Date "2008.09.04"]
[Round "6"]
[White "Klocker, Daniel"]
[Black "Sveshnikov, Vladimir"]
[WhiteElo "2075"]
[BlackElo "2413"]
[Result "0-1"]
[PlyCount "86"]
[EventDate "2008.08.30"]

1. e4 c5 2. c3 Nf6 3. e5 Nd5 4. Nf3 Nc6 5. Bc4 Nb6 6. Bb3 d5 7. exd6 Qxd6 8. d4
cxd4 9. cxd4 Bf5 10. O-O e6 11. Nc3 Be7 12. d5 exd5 13. Nxd5 Nxd5 14. Qxd5 Qxd5
15. Bxd5 Nb4 16. Bb3 O-O 17. Bd2 Nd3 18. Bc3 Rad8 19. Bc2 Bc5 20. Ne1 Bd4 21.
Rd1 Bxc3 22. bxc3 Nxe1 23. Rxd8 Nxc2 24. Rfd1 Be4 25. R1d2 Na3 26. R8d4 Bc6 27.
c4 Re8 28. h3 Re1+ 29. Kh2 h6 30. R2d3 Nc2 31. Rd8+ Kh7 32. Rf8 Kg6 33. Rg3+
Kf6 34. Rg4 Re4 35. Rxe4 Bxe4 36. Rd8 Bc6 37. Kg3 Nb4 38. a3 Nc2 39. Rd3 Be4
40. Rc3 Ke5 41. f3 Kd4 42. Rb3 Bc6 43. c5 Kc4 0-1

[Event "XIII Festival A"]
[Site "Cesenatico ITA"]
[Date "2008.09.04"]
[Round "6"]
[White "Mrdja, Milan"]
[Black "Barletta, Mauro"]
[WhiteElo "2409"]
[BlackElo "2205"]
[Result "1/2-1/2"]
[PlyCount "46"]
[EventDate "2008.08.30"]

1. e4 c6 2. d4 d5 3. Nc3 dxe4 4. Nxe4 Nf6 5. Ng5 h6 6. N5f3 Bf5 7. Ne5 Nbd7 8.
Ngf3 e6 9. Bc4 Nxe5 10. Nxe5 Bd6 11. Bf4 Qc7 12. Qe2 O-O-O 13. O-O-O Ng4 14. f3
Nxe5 15. Bxe5 Bxe5 16. dxe5 Rxd1+ 17. Rxd1 Rd8 18. g4 Rxd1+ 19. Kxd1 Bg6 20.
Qe3 h5 21. gxh5 Bxh5 22. Bd3 Qb6 23. Ke2 Qxb2 1/2-1/2

[Event "XIII Festival A"]
[Site "Cesenatico ITA"]
[Date "2008.09.04"]
[Round "6"]
[White "Trent, Lawrence"]
[Black "Andonov, Bogomil"]
[WhiteElo "2470"]
[BlackElo "2326"]
[Result "1-0"]
[PlyCount "69"]
[EventDate "2008.08.30"]

1. e4 c5 2. Nf3 e6 3. Nc3 a6 4. d4 cxd4 5. Nxd4 Qc7 6. Qf3 b5 7. Bf4 d6 8.
O-O-O Bb7 9. Bxb5+ axb5 10. Ndxb5 Qc8 11. Bxd6 Na6 12. Rd4 Ne7 13. Qe3 Nc6 14.
Rc4 Qd8 15. Rd1 Na5 16. Bxf8 Qxd1+ 17. Nxd1 Nxc4 18. Bxg7 Rg8 19. b3 Na5 20.
Nd6+ Ke7 21. Bf6+ Kxf6 22. Qf4+ Kg6 23. Qg4+ Kf6 24. Qh4+ Kg6 25. Ne3 h5 26. g4
Rh8 27. e5 Rh6 28. Qf6+ Kh7 29. Qxf7+ Kh8 30. Ne8 Rxe8 31. Qxe8+ Kg7 32. Qe7+
Kg8 33. Qd8+ Kg7 34. Qxa5 hxg4 35. Qd8 1-0

[Event "XIII Festival A"]
[Site "Cesenatico ITA"]
[Date "2008.09.05"]
[Round "7"]
[White "Brancaleoni, Maurizio"]
[Black "MacDonald, Christopher"]
[WhiteElo "2251"]
[BlackElo "2091"]
[Result "0-1"]
[PlyCount "98"]
[EventDate "2008.08.30"]

1. Nf3 Nf6 2. c4 g6 3. Nc3 c5 4. d4 cxd4 5. Nxd4 Bg7 6. e4 d6 7. Be2 O-O 8. O-O
Nc6 9. Nc2 Ne8 10. Bd2 Nc7 11. Rc1 Rb8 12. b4 Ne6 13. Nd5 Ncd4 14. Be3 Nxe2+
15. Qxe2 b6 16. Rfd1 Bb7 17. c5 bxc5 18. bxc5 Bxd5 19. Rxd5 Qe8 20. cxd6 exd6
21. Rxd6 Qa4 22. f3 Qxa2 23. Qa6 Qb2 24. Rdd1 Rb3 25. Re1 Rc3 26. Qe2 Rfc8 27.
Nd4 Rxc1 28. Qxb2 Rxe1+ 29. Kf2 Rxe3 30. Qb7 Rec3 31. Nxe6 fxe6 32. Qxa7 R3c7
33. Qa6 Kf7 34. Kg3 Be5+ 35. Kh3 Rc5 36. Qb7+ R8c7 37. Qb6 Bc3 38. f4 Bd4 39.
Qb8 Bf6 40. e5 Bg7 41. Qd8 Re7 42. Qd4 Rd5 43. Qe4 Red7 44. g3 Bf8 45. Qa4 h5
46. Qc6 Rd2 47. Qc8 Ra7 48. f5 gxf5 49. Qb8 Raa2 0-1

[Event "XIII Festival A"]
[Site "Cesenatico ITA"]
[Date "2008.09.05"]
[Round "7"]
[White "Caprio, Guido"]
[Black "Mrdja, Milan"]
[WhiteElo "2188"]
[BlackElo "2409"]
[Result "0-1"]
[PlyCount "118"]
[EventDate "2008.08.30"]

1. e4 d6 2. d4 Nf6 3. Nc3 e5 4. Nf3 Nbd7 5. g4 exd4 6. Nxd4 Nc5 7. g5 Nfd7 8.
Be3 g6 9. f4 Bg7 10. Qf3 O-O 11. O-O-O c6 12. h4 Re8 13. h5 Qe7 14. hxg6 hxg6
15. f5 Nxe4 16. f6 Nexf6 17. gxf6 Qxe3+ 18. Qxe3 Rxe3 19. fxg7 Kxg7 20. Bg2 Nf6
21. Rd3 Rxd3 22. cxd3 Bd7 23. Kd2 Re8 24. b4 d5 25. Re1 Rxe1 26. Kxe1 Kf8 27.
Nf3 Ke7 28. Ne5 Be8 29. Ke2 Kd6 30. d4 Nh5 31. Nd3 Bd7 32. Ne5 Be6 33. Bf3 Ng7
34. Kf2 g5 35. Ne2 f6 36. Nd3 Bf5 37. Ke3 Bh7 38. Ng3 f5 39. Nh5 f4+ 40. Kd2
Nf5 41. Ne5 Nxd4 42. Nf7+ Ke6 43. Nxg5+ Kf5 44. Nxh7 Nxf3+ 45. Kd3 Kg6 46.
Nxf4+ Kxh7 47. Ne6 Ne5+ 48. Kd4 Nf7 49. b5 Kg6 50. a4 Nd6 51. Nc5 Nf5+ 52. Ke5
cxb5 53. Kxd5 b6 54. axb5 Ne7+ 55. Kd6 Nc8+ 56. Kc6 bxc5 57. Kxc5 Kf6 58. Kc6
Ke6 59. Kc7 Nd6 0-1

[Event "XIII Festival A"]
[Site "Cesenatico ITA"]
[Date "2008.09.05"]
[Round "7"]
[White "Rausis, Igors"]
[Black "Lagrotteria, Salvatore"]
[WhiteElo "2486"]
[BlackElo "2196"]
[Result "1-0"]
[PlyCount "85"]
[EventDate "2008.08.30"]

1. Nf3 d5 2. c4 c6 3. d4 Nf6 4. Qc2 dxc4 5. e4 b5 6. b3 Bg4 7. Nbd2 Bxf3 8.
Nxf3 e6 9. Bd2 cxb3 10. axb3 a5 11. Bd3 Be7 12. O-O h6 13. Ra2 O-O 14. Rfa1 b4
15. e5 Nd5 16. Qc1 c5 17. Qe1 g6 18. Bxh6 Nc3 19. Bxf8 Bxf8 20. Be4 Ra7 21. Rd2
Bh6 22. Rd3 Rd7 23. Rxc3 bxc3 24. Qxc3 cxd4 25. Qd3 Kg7 26. g3 Qb6 27. Ra4 Na6
28. Rxd4 Nc5 29. Qc4 Nxe4 30. Rxe4 Rc7 31. Qd3 Rc5 32. Kg2 Bc1 33. Rc4 Rd5 34.
Qc2 Bh6 35. h4 Qd8 36. Rc8 Qb6 37. Rc6 Qb7 38. Qc4 Bd2 39. Rc7 Qa8 40. h5 gxh5
41. Qh4 Qd8 42. Re7 Kf8 43. Qf6 1-0

[Event "XIII Festival A"]
[Site "Cesenatico ITA"]
[Date "2008.09.05"]
[Round "7"]
[White "Schaufelberger, Heinz"]
[Black "Klocker, Daniel"]
[WhiteElo "2307"]
[BlackElo "2075"]
[Result "1-0"]
[PlyCount "45"]
[EventDate "2008.08.30"]

1. d4 d5 2. Nf3 Nf6 3. c4 c6 4. e3 e6 5. Bd3 Nbd7 6. Nbd2 Bd6 7. b3 O-O 8. Bb2
Re8 9. Ne5 Bxe5 10. dxe5 Nc5 11. Bc2 Nfd7 12. Qh5 Nf8 13. O-O b5 14. cxb5 cxb5
15. b4 Ncd7 16. Nb3 Nb6 17. Bd4 Nc4 18. f4 a5 19. Rf3 axb4 20. Bxh7+ Nxh7 21.
Rh3 g5 22. Qxh7+ Kf8 23. Bc5+ 1-0

[Event "XIII Festival A"]
[Site "Cesenatico ITA"]
[Date "2008.09.05"]
[Round "7"]
[White "Sikula, Vaszilij"]
[Black "Kanina, Adriatik"]
[WhiteElo "2540"]
[BlackElo "2128"]
[Result "1-0"]
[PlyCount "73"]
[EventDate "2008.08.30"]

1. e4 c5 2. Nf3 g6 3. d4 cxd4 4. Nxd4 Nc6 5. c4 Nf6 6. Nc3 d6 7. Be2 Nxd4 8.
Qxd4 Bg7 9. Be3 O-O 10. Qd2 Be6 11. Rc1 Qa5 12. f3 Rfc8 13. b3 a6 14. Na4 Qxd2+
15. Kxd2 Nd7 16. g4 Rc6 17. Nc3 b5 18. Nd5 Bxd5 19. exd5 Rcc8 20. cxb5 Rxc1 21.
Rxc1 axb5 22. Bxb5 Rxa2+ 23. Rc2 Rxc2+ 24. Kxc2 Ne5 25. Be2 e6 26. dxe6 fxe6
27. b4 Nc6 28. b5 Nd4+ 29. Kd1 Nxe2 30. Kxe2 d5 31. f4 Bf8 32. Bd4 Bd6 33. Be5
Bc5 34. Bc7 Bb4 35. b6 Ba5 36. Bd8 Bb4 37. Bf6 1-0

[Event "XIII Festival A"]
[Site "Cesenatico ITA"]
[Date "2008.09.06"]
[Round "8"]
[White "Drei, Andrea"]
[Black "Rausis, Igors"]
[WhiteElo "2281"]
[BlackElo "2486"]
[Result "0-1"]
[PlyCount "64"]
[EventDate "2008.08.30"]

1. e4 g6 2. d4 Bg7 3. Nc3 d6 4. Bg5 a6 5. a4 Nd7 6. a5 c5 7. Nf3 cxd4 8. Nxd4
Ngf6 9. Qd2 h6 10. Bh4 Nc5 11. f3 e5 12. Bxf6 Bxf6 13. Nb3 Bg5 14. Qf2 Be6 15.
h4 Be7 16. Nxc5 dxc5 17. h5 Bg5 18. g3 Qc7 19. Ke2 O-O-O 20. Nd5 Bxd5 21. exd5
Rxd5 22. Bh3+ Kb8 23. Rhd1 Rhd8 24. Rxd5 Rxd5 25. Rd1 Rxd1 26. Kxd1 Qxa5 27. c3
Qa4+ 28. Qc2 Qa1+ 29. Ke2 Qg1 30. Qe4 Qh2+ 31. Kd3 Qxh3 32. Qxe5+ Ka8 0-1

[Event "XIII Festival A"]
[Site "Cesenatico ITA"]
[Date "2008.09.06"]
[Round "8"]
[White "Gaiba, Paolo"]
[Black "Bonacci, Mauro"]
[WhiteElo "2152"]
[BlackElo "2211"]
[Result "0-1"]
[PlyCount "58"]
[EventDate "2008.08.30"]

1. e4 c5 2. d4 cxd4 3. c3 dxc3 4. Nxc3 a6 5. Bc4 e6 6. Nf3 b5 7. Bb3 Bb7 8. a3
d6 9. O-O Nd7 10. Bf4 Nc5 11. Bc2 e5 12. Bg3 Nf6 13. Qe2 Be7 14. Rfd1 Qb6 15.
Nh4 g6 16. Kh1 Nh5 17. Qg4 Nd7 18. Qe2 Ndf6 19. f4 Nxg3+ 20. hxg3 Nh5 21. Nf5
exf4 22. g4 Ng3+ 23. Nxg3 fxg3 24. Rf1 Bg5 25. Nd5 Bxd5 26. exd5+ Kd8 27. Rxf7
h5 28. Bxg6 hxg4+ 29. Bh7 Ra7 0-1

[Event "XIII Festival A"]
[Site "Cesenatico ITA"]
[Date "2008.09.06"]
[Round "8"]
[White "Lagrotteria, Salvatore"]
[Black "Klocker, Benedikt"]
[WhiteElo "2196"]
[BlackElo "2119"]
[Result "1-0"]
[PlyCount "57"]
[EventDate "2008.08.30"]

1. d4 Nf6 2. c4 g6 3. g3 Bg7 4. Bg2 O-O 5. Nc3 d6 6. Nf3 Nc6 7. O-O e5 8. d5
Ne7 9. e4 Nh5 10. Ne1 f5 11. exf5 Nf6 12. fxg6 Nxg6 13. Bg5 Qe8 14. Bxf6 Bxf6
15. Nc2 Rf7 16. Ne4 Be7 17. Ne3 Rg7 18. Kh1 Bd7 19. b4 Qf7 20. a4 Rf8 21. Qh5
Nf4 22. Qxf7+ Rgxf7 23. gxf4 exf4 24. Rg1 Rg7 25. Nc2 f3 26. Bf1 Rxg1+ 27. Kxg1
Bf5 28. Re1 Bh4 29. Nd4 1-0

[Event "XIII Festival A"]
[Site "Cesenatico ITA"]
[Date "2008.09.06"]
[Round "8"]
[White "Ortega, Lexy"]
[Black "Emami, Madjid"]
[WhiteElo "2456"]
[BlackElo "2058"]
[Result "1-0"]
[PlyCount "45"]
[EventDate "2008.08.30"]

1. d4 Nf6 2. Nf3 g6 3. Nc3 Bg7 4. e4 d6 5. Be3 a6 6. h3 O-O 7. e5 Ne8 8. Bc4
Nc6 9. Bf4 Na5 10. Bd3 c5 11. dxc5 dxc5 12. Qe2 Nc7 13. O-O-O Ne6 14. Qe3 Nd4
15. Be4 Nc4 16. Qd3 Be6 17. Nxd4 cxd4 18. Qxd4 Qa5 19. Nd5 Qxa2 20. b3 Qa3+ 21.
Kb1 Nd6 22. Nxe7+ Kh8 23. Qxd6 1-0

[Event "XIII Festival A"]
[Site "Cesenatico ITA"]
[Date "2008.09.06"]
[Round "8"]
[White "Sikula, Vaszilij"]
[Black "Barletta, Mauro"]
[WhiteElo "2540"]
[BlackElo "2205"]
[Result "1-0"]
[PlyCount "55"]
[EventDate "2008.08.30"]

1. e4 c6 2. d4 d5 3. e5 c5 4. dxc5 Nc6 5. Bb5 e6 6. Be3 Nge7 7. c3 Bd7 8. Bxc6
Nxc6 9. f4 g5 10. fxg5 h6 11. Nf3 hxg5 12. Bxg5 Be7 13. Bxe7 Qxe7 14. Qd2 Qxc5
15. Qe2 O-O-O 16. Na3 Qb6 17. O-O-O Rhg8 18. Nd4 Rg5 19. Nxc6 bxc6 20. h4 Rg3
21. Rd3 Rg7 22. h5 Rdg8 23. h6 Rh7 24. Rf3 Rg4 25. Rxf7 Rxf7 26. Qxg4 Qe3+ 27.
Kb1 Rf4 28. Qxf4 1-0

[Event "XIII Festival A"]
[Site "Cesenatico ITA"]
[Date "2008.09.07"]
[Round "9"]
[White "Rausis, Igors"]
[Black "Mrdja, Milan"]
[WhiteElo "2486"]
[BlackElo "2409"]
[Result "1-0"]
[PlyCount "81"]
[EventDate "2008.08.30"]

1. d4 e6 2. Nf3 b6 3. e4 Bb7 4. Bd3 d6 5. c4 c5 6. d5 e5 7. Nc3 Nd7 8. Be3 Ngf6
9. h3 Be7 10. a3 O-O 11. Qc2 Kh8 12. g3 Ne8 13. h4 Nc7 14. Kf1 a6 15. Kg2 Rb8
16. Qe2 Bc8 17. Rab1 Nf6 18. b4 Ng4 19. bxc5 dxc5 20. Bd2 Bd7 21. Rb2 Ne8 22.
Nh2 Nxh2 23. Rxh2 Nd6 24. Rh1 Qe8 25. Be3 f5 26. exf5 e4 27. Nxe4 Nxe4 28. Bxe4
Bf6 29. Bf4 Bxb2 30. Bxb8 Bxf5 31. f3 Bd4 32. Bd6 Rf6 33. Re1 Bd7 34. Bf4 h6
35. Bd3 Qc8 36. Qe7 Kg8 37. d6 Rf7 38. Bh7+ Kxh7 39. Qxf7 Bh3+ 40. Kh2 Bf5 41.
Be5 1-0

[Event "XIII Festival B"]
[Site "Cesenatico ITA"]
[Date "2008.09.01"]
[Round "2"]
[White "Venni, Alberto"]
[Black "Trussardi, Giuseppe"]
[Result "1-0"]
[WhiteElo "1748"]
[BlackElo "1867"]
[PlyCount "73"]
[EventDate "2008.08.30"]

1. e4 d6 2. d4 Nf6 3. Nc3 g6 4. f4 Bg7 5. Nf3 O-O 6. Be2 c6 7. O-O Qc7 8. e5
Nfd7 9. Qe1 dxe5 10. fxe5 Nb6 11. Qh4 f6 12. Bh6 Bf5 13. Bxg7 Kxg7 14. Bd3 Bxd3
15. cxd3 Qd7 16. Ne4 Nd5 17. Nfg5 h6 18. e6 hxg5 19. Nxg5 fxg5 20. Rxf8 gxh4
21. exd7 Nxd7 22. Rxa8 a6 23. Ra7 Kf6 24. Rxb7 Ke6 25. Rc1 Kd6 26. Kf2 a5 27.
Kf3 Nb4 28. Rxd7+ Kxd7 29. Ke4 Nxa2 30. Ra1 Nb4 31. Rxa5 Nd5 32. Rxd5+ cxd5+
33. Kxd5 g5 34. b4 g4 35. b5 g3 36. hxg3 hxg3 37. b6 1-0

[Event "XIII Festival B"]
[Site "Cesenatico ITA"]
[Date "2008.09.02"]
[Round "3"]
[White "Traversi, Carlo"]
[Black "Reif, Werner"]
[Result "1/2-1/2"]
[WhiteElo "1756"]
[BlackElo "1903"]
[PlyCount "65"]
[EventDate "2008.08.30"]

1. e4 d5 2. exd5 Qxd5 3. Nc3 Qd8 4. Nf3 Nf6 5. Be2 Bg4 6. d3 e6 7. Bg5 Be7 8.
Ne5 Bxe2 9. Qxe2 O-O 10. O-O Nd5 11. Bxe7 Nxc3 12. bxc3 Qxe7 13. Rab1 f6 14.
Nf3 b6 15. Rfe1 Re8 16. Nd4 e5 17. Nf5 Qe6 18. Nd4 Qd7 19. Qe4 Na6 20. Nf5 Nc5
21. Qg4 Kh8 22. d4 exd4 23. cxd4 g6 24. Nh6 Qxg4 25. Nxg4 Nd7 26. Re3 h5 27.
Rxe8+ Rxe8 28. Ne3 Kg7 29. Kf1 Kf7 30. Re1 Re6 31. f3 c6 32. Kf2 b5 33. Rd1
1/2-1/2

[Event "XIII Festival B"]
[Site "Cesenatico ITA"]
[Date "2008.09.04"]
[Round "5"]
[White "Sanzani, Pierluigi"]
[Black "Vezzelli, Francesco"]
[Result "0-1"]
[WhiteElo "1853"]
[BlackElo "1618"]
[PlyCount "46"]
[EventDate "2008.08.30"]

1. e4 c5 2. Nf3 e6 3. d4 cxd4 4. Nxd4 a6 5. Bd3 Nc6 6. Nb3 Nf6 7. a4 b6 8. O-O
Bb7 9. Nc3 Be7 10. Kh1 O-O 11. f4 d5 12. Qf3 dxe4 13. Nxe4 Nxe4 14. Bxe4 Qc7
15. c3 f5 16. Bb1 Nd4 17. Qe3 Nxb3 18. Qxe6+ Kh8 19. Qxb3 Qc6 20. Qc2 Rf6 21.
b4 Rg6 22. Rg1 Rd8 23. Ra2 Rxg2 0-1

[Event "XIII Festival B"]
[Site "Cesenatico ITA"]
[Date "2008.09.05"]
[Round "6"]
[White "Krzywkowski, Marcin"]
[Black "Niccoli, Paolo"]
[Result "1/2-1/2"]
[WhiteElo "1909"]
[BlackElo "1910"]
[PlyCount "82"]
[EventDate "2008.08.30"]

1. e4 c5 2. Nf3 Nc6 3. d4 cxd4 4. Nxd4 g6 5. c4 Bg7 6. Nc2 Nf6 7. Nc3 O-O 8.
Be2 d6 9. O-O Be6 10. Be3 Rc8 11. h3 Nd7 12. Qd2 Nb6 13. b3 Re8 14. Bh6 Bh8 15.
f4 f5 16. Rad1 Nd7 17. exf5 Bxf5 18. Ne3 Nd4 19. Bg4 Bxg4 20. hxg4 Qa5 21. Kh1
Nxb3 22. axb3 Bxc3 23. Qc2 Bh8 24. f5 Qc3 25. Qb1 Ne5 26. fxg6 hxg6 27. g5 Qxe3
28. Rfe1 Qf4 29. Rxe5 Qxe5 30. Qxg6+ Bg7 31. Rd5 Qa1+ 32. Kh2 Kh8 33. Qh5 Bxh6
34. Qxh6+ Kg8 35. Qe6+ Kg7 36. Rf5 Rf8 37. Qxe7+ Kg8 38. Qe6+ Kg7 39. Qh6+ Kg8
40. Qe6+ Kg7 41. Qe7+ Kg8 1/2-1/2

[Event "XIII Festival C"]
[Site "Cesenatico ITA"]
[Date "2008.09.01"]
[Round "2"]
[White "Carletti, Davide"]
[Black "Bortolussi, Francesco"]
[Result "0-1"]
[WhiteElo "1395"]
[BlackElo "1455"]
[PlyCount "52"]
[EventDate "2008.08.30"]

1. e4 c5 2. Nf3 Nc6 3. d3 d6 4. Bf4 Nf6 5. Nbd2 e6 6. g3 Be7 7. Bg2 O-O 8. O-O
b5 9. Re1 e5 10. Be3 Ng4 11. Nf1 f5 12. N3d2 f4 13. Bxc5 dxc5 14. c3 Be6 15.
Bh3 Qd7 16. Bxg4 Bxg4 17. Qb3+ Kh8 18. c4 Nd4 19. Qc3 b4 20. Qc1 Ne2+ 21. Rxe2
Bxe2 22. Qe1 f3 23. Ne3 Qh3 24. Ndf1 Bg5 25. Rb1 Rf6 26. Ra1 Rh6 0-1

[Event "XIII Festival C"]
[Site "Cesenatico ITA"]
[Date "2008.09.03"]
[Round "4"]
[White "Carletti, Davide"]
[Black "Landi, Filippo"]
[Result "0-1"]
[WhiteElo "1395"]
[BlackElo "1440"]
[PlyCount "94"]
[EventDate "2008.08.30"]

1. e4 e5 2. Nf3 Nc6 3. Bb5 d6 4. Nc3 Bd7 5. d4 Nf6 6. Bg5 Be7 7. h3 O-O 8. Qd2
a6 9. Ba4 b5 10. Bb3 Rc8 11. d5 Nb8 12. Bxf6 Bxf6 13. a4 b4 14. Nd1 a5 15. Bc4
c6 16. dxc6 Bxc6 17. Bd5 Bxd5 18. Qxd5 Rxc2 19. b3 Rc5 20. Qd3 d5 21. exd5 e4
22. Qe3 exf3 23. Qxc5 fxg2 24. Rg1 Bxa1 25. Rxg2 Re8+ 26. Ne3 Bc3+ 27. Kf1 g6
28. Kg1 Qc8 29. Qd6 Qxh3 30. Rh2 Qc8 31. Qg3 Be5 32. Qh3 Bxh2+ 33. Qxh2 h5 34.
Qh4 Qc3 35. d6 Qe1+ 36. Kg2 Rxe3 37. d7 Nxd7 38. Qd8+ Re8 39. Qxd7 Qe6 40. Qb5
Qe4+ 41. Kg1 Qe5 42. Qc6 Qe1+ 43. Kg2 Qe4+ 44. Qxe4 Rxe4 45. Kf3 f5 46. Kg2 Rd4
47. Kf1 Rd3 0-1